A szalon szó jelentésfejlődése

Bibliographic Details
Main Author: Szabómihály, Gizella, 1956- (Author)
Format: Article
Language:Hungarian
Subjects:

MARC

LEADER 00000nab a2200000 ar4500
001 vtls009003220
003 SK-MaSNL
005 20260319071253.0
008 070423c20070423xo |||||||| 000 b|hun
015 |a SNBRB2007/04  |2 snkbucl 
038 |a SNKBUCL 
040 |a DSZK  |b slo  |c DSZK  |e AACR2 
041 0 |a hun 
044 |a xo  |c SK 
080 |a 811.511.141`373  |2 1997 
080 |a 81`373:811.511.141  |2 1997 
100 1 |a Szabómihály, Gizella,  |d 1956-  |4 aut  |9 102332 
245 1 0 |a A szalon szó jelentésfejlődése  |c Szabómihály Gizella 
650 0 7 |a maďarčina  |x slovná zásoba  |x sémantika  |2 snkbucl  |9 1063947 
650 0 7 |a slovná zásoba  |2 snkbucl  |9 66837 
650 0 7 |a sémantika  |2 snkbucl  |9 22710 
773 0 |t Új szó  |g Évf. 60, sz. 93 (23.4.2007), o. 6 
852 |a SNK  |b KIS3GCP 
852 |a DSZK  |b KIS3GCP 
958 |a HU 
999 |c 1751635  |d 1753565